Kleiner Lust-Garten: Worinn Gerade Gänge Zur Polnischen Sprache angewiesen werden
| Main Author: | |
|---|---|
| Corporate Author: | |
| Contributors: | ; |
| Format: | Print Book |
| Language: | German Polish |
| Subito Delivery Service: | Order now. |
| Check availability: | HBZ Gateway |
| WorldCat: | WorldCat |
| Interlibrary Loan: | Interlibrary Loan for the Fachinformationsdienste (Specialized Information Services in Germany) |
| Published: |
Dantzig
Druckts und Verlegts Johann Zacharias Stolle und Sohn
Anno 1712.
|
| In: | Year: 1712 |
| Further subjects: | B
Dictionary
B Conversation and phrase books B Grammar |
| Parallel Edition: | Electronic
|
| Sammlungen: |
MARC
| LEADER | 00000cam a2200000 c 4500 | ||
|---|---|---|---|
| 001 | 31073407X | ||
| 003 | DE-627 | ||
| 005 | 20221213091932.0 | ||
| 007 | tu | ||
| 008 | 000308s1712 xx ||||| 00| ||ger c | ||
| 024 | 7 | |a VD18 13129007 |2 vd18 | |
| 035 | |a (DE-627)31073407X | ||
| 035 | |a (DE-576)9310734078 | ||
| 035 | |a (DE-599)GBV31073407X | ||
| 035 | |a (OCoLC)247327286 | ||
| 040 | |a DE-627 |b ger |c DE-627 |e rda | ||
| 041 | |a ger |a pol | ||
| 044 | |c XA-DXDE |c XA-PL | ||
| 100 | 1 | |e VerfasserIn |0 (DE-588)133316815 |0 (DE-627)540524255 |0 (DE-576)29976723X |4 aut |a Wojna, Jan Karol | |
| 109 | |a Wojna, Jan Karol |a Woyna, Jan Karol |a Woyna, Joan. Carolus de Jasienica |a Woyna, Johann Carl |a Woyna, Johannes Carl |a Jasienica Woyna, Johann Carl von |a Woyna, Joan. Carolus |a Woyna, Johann Carl von Jasienica |a Woyna, Johannes Carl von Jasienica |a Jasienica Woyna, Johannes Carl von |a Jasienica Woyna, Joan. Carolus de | ||
| 245 | 1 | 0 | |a Kleiner Lust-Garten |b Worinn Gerade Gänge Zur Polnischen Sprache angewiesen werden |c Gepflantzet durch Joh. Carl von Jaśienicá Woyna/ Anno 1693 |
| 246 | 3 | 0 | |a Worin |
| 264 | 1 | |a Dantzig |b Druckts und Verlegts Johann Zacharias Stolle und Sohn |c Anno 1712. | |
| 300 | |a 6 ungezählte Seiten, 311 Seiten, 6 ungezählte Seiten |c 8° | ||
| 336 | |a Text |b txt |2 rdacontent | ||
| 337 | |a ohne Hilfsmittel zu benutzen |b n |2 rdamedia | ||
| 338 | |a Band |b nc |2 rdacarrier | ||
| 500 | |a Die Rückseite des Titelblatts ist unbedruckt | ||
| 500 | |a Vorlageform der Veröffentlichungsangabe: Dantzig/ Druckts und Verlegts Johann Zacharias Stolle und Sohn/ Anno 1712. | ||
| 601 | |a Polnisch | ||
| 655 | 7 | |a Sprachführer |0 (DE-627)096633077 |2 local | |
| 655 | 7 | |a Wörterbuch |0 (DE-627)096633379 |2 local | |
| 655 | 7 | |a Grammatik |0 (DE-627)09663183X |2 local | |
| 700 | 1 | |e DruckerIn |e Verlag |e Vertrieb |0 (DE-588)103757978X |0 (DE-627)756139929 |0 (DE-576)391650173 |4 prt |4 pbl |4 dst |a Stolle, Johann Daniel |d -1723 | |
| 700 | 1 | |e DruckerIn |e Verlag |e Vertrieb |0 (DE-588)103750898X |0 (DE-627)756079454 |0 (DE-576)391557386 |4 prt |4 pbl |4 dst |a Stolle, Johann Zacharias |d -1720 | |
| 710 | 2 | |e DruckerIn |0 (DE-588)1104947447 |0 (DE-627)862371783 |0 (DE-576)472960288 |4 prt |4 pbl |4 dst |a Johann Zacharias Stolle |g Firma | |
| 751 | |a Danzig |0 (DE-588)4011039-4 |0 (DE-627)106354574 |0 (DE-576)208891579 |4 mfp | ||
| 776 | 0 | 8 | |i Elektronische Reproduktion |a Wojna, Jan Karol |t Kleiner Lust-Garten |d Dantzig : Druckts und Verlegts Johann Zacharias Stolle und Sohn, 1712 |h 6 ungezählte Seiten, 311 Seiten, 6 ungezählte Seiten |w (DE-627)168999388X |k Electronic |
| 850 | |a RedVD18-DE-Ha33 | ||
| 912 | |a vd18 | ||
| 935 | |a FRST |a mteo | ||
| 935 | |i vd18 | ||
| 951 | |a BO | ||
| ELC | |b 1 | ||
| LOK | |0 000 xxxxxcx a22 zn 4500 | ||
| LOK | |0 001 4229332777 | ||
| LOK | |0 003 DE-627 | ||
| LOK | |0 004 31073407X | ||
| LOK | |0 005 20240924080537 | ||
| LOK | |0 008 221213||||||||||||||||ger||||||| | ||
| LOK | |0 040 |a DE-Tue135 |c DE-627 |d DE-Tue135 | ||
| LOK | |0 092 |o n | ||
| LOK | |0 852 |a DE-Tue135 | ||
| LOK | |0 852 1 |9 00 | ||
| LOK | |0 866 |x SPQUE#Bibliothek der Franckeschen Stiftungen | ||
| LOK | |0 935 |a FRST | ||
| LOK | |0 939 |a 13-12-22 |b l01 | ||
| ORI | |a SA-MARC-ixtheoa001.raw | ||